|
|
|
|
| LEADER |
00000nam a2200000Ia 4500 |
| 008 |
171208b1995 cr ||||| |||| 00| | spa d |
| 999 |
|
|
|c 1001
|d 1001
|
| 020 |
|
|
|a 9977642036
|
| 090 |
|
|
|a 05.01.01
|b 2115
|
| 100 |
1 |
|
|a Campos Santelices, Armando
|9 3308
|
| 245 |
1 |
0 |
|a Introducción a la psicología social /
|c Armando Campos Santelices
|
| 250 |
|
|
|a 3° reimpresión. de la 1° edición.
|
| 260 |
|
|
|a San José, Costa Rica :
|b EUNED,
|c 1995
|
| 300 |
|
|
|a 570 páginas
|
| 650 |
1 |
4 |
|a PSICOLOGÍA
|9 657
|
| 650 |
1 |
4 |
|a CIENCIAS DEL COMPORTAMIENTO
|9 2915
|
| 650 |
1 |
4 |
|a COMPORTAMIENTO SOCIAL
|9 985
|
| 650 |
1 |
4 |
|a APRENDIZAJE
|9 387
|
| 650 |
1 |
4 |
|a ACTITUDES
|9 611
|
| 942 |
|
|
|i 003682
|h 05.01.01 2115
|2 z
|c 01
|